000 00850naa a22002537a 4500
001 BR7404798
003 BR-BrBNA
005 20250709164619.0
007 ta
008 250630b bl.|||m| |||| 00| 0 por d
040 _aBR-BrBNA
_bpor
_cBiblioteca Nacional de Agricultura
041 _a(Pt)
072 _aM10; Q10
_b8100
090 _aM10 BR7404798
100 1 _aBarreto, S.P.
245 1 _aManipulacao do pescado fresco em terra
500 _aBoletim informativo Brasilia, DF (Brasil): 1974. p. 1-7 (BR7404798-AMS)
650 _aProducao pesqueira
650 _aPeixe fresco
650 _aHigiene
490 _aBoletim Informativo. Serie Ensaios - Departamento Nacional de Inspecao de Produtos de Origem Animal. Div. de inspecao de Pescado e Derivados (Brazil)
_vno. 1
942 _cAMS
_2AGRIS
909 _a202506
_bLúcia
_c55
_dLúcia Elande
999 _c332685
_d332685